000 00860nam a22002177a 4500
003 BUBTL
008 220118b ||||| |||| 00| 0 eng d
020 _a9787015601089
082 _a894.113/ Sh138k/ 2009
100 _94488
_aশাহাদুজ্জামান
245 _aক্রাচের কর্নেল /
_cশাহাদুজ্জামান
250 _a1st Edn.
260 _aঢাকা :
_bমাওলা ব্রাদার্স,
_cc2009
300 _a351 p.:
_c22 cm.
505 _aক্রাচের কর্নেল, শাহাদুজ্জামান, বাংলা সাহিত্য, Bengali Literature
650 0 _91687
_aবাংলা সাহিত্য
650 0 _92152
_aBengali Literature
856 _k0
_l0
_yDownload
942 _2ddc
_cBK
999 _c6639
_d6639